000 01116nam a22003497a 4500
001 000704
003 DO-SdBPM
005 20250829085320.0
007 ta
008 161115b 2019 ar a |||| 00| 0 spa d
020 _a 9789501109368
040 _a DO-SdBPM
_bspa
_cBPMSU
_erda
082 _aA863.6
_bG241u 2019
_222
100 1 _aGarrido de Rodríguez, Neli.
_eautora
245 1 0 _aUn fantasma en la ciudad /
_cNeli Garrido de Rodríguez ; ilustraciones de Nora Hilb.
250 _a
260 _a
_b
_c
264 _aBuenos Aires, Argentina
_bEditorial Sigmar,
_c2019
300 _a[12] págians :
_bilustraciones ;
_c17 cm.
336 _atexto
_btxt
_2rdacontent
337 _asin mediación
_bn
_2rdamedia
338 _avolumen
_bnc
_2rdacarrier
490 0 _aEcocuentos
500 _a
590 _aInventariado, 2025/VM
650 7 _aCuentos infantiles argeninos
_8
650 7 _a Contaminación
_vCuentos infantiles
650 7 _aLibros ilustrados para niños
700 1 _aHilb, Nora,
_d1993-
_eijustración
910 _aVMateo V. Control de calidad. BPMSU
942 _2ddc
_cBK
999 _c15359
_d15359